[Event "Chambery op 13th"]
[Site "Chambery"]
[Date "2007.08.05"]
[Round "9"]
[White "Guglielmi, Dante"]
[Black "Linais, Laurent"]
[Result "1/2-1/2"]
[WhiteElo "1991"]
[BlackElo "2145"]
[PlyCount "38"]
[EventDate "2007.07.28"]
[EventType "swiss"]
[EventRounds "9"]
[EventCountry "FRA"]
[SourceTitle "CBM 119 Extra"]
[Source "ChessBase"]
[SourceDate "2007.09.04"]
[SourceVersion "1"]
[SourceVersionDate "2007.09.04"]
[SourceQuality "1"]

1. c4 Nf6 2. Nc3 g6 3. g3 Bg7 4. Bg2 0-0 5. e3 d6 6. Nge2 e5 7. d4 c6 8. 0-0 Be6 9. Qd3 Na6 10. a3 exd4 11. exd4 Bf5 12. Qd1 Re8 13. b4 d5 14. cxd5 Nxd5 15. Nxd5 cxd5 16. Nc3 Nc7 17. Be3 Qd7 18. Re1 Rac8 19. Rc1 Be6 1/2-1/2

[Event "Chambery op 13th"]
[Site "Chambery"]
[Date "2007.07.31"]
[Round "4"]
[White "Scholz, Christian"]
[Black "Linais, Laurent"]
[Result "1-0"]
[WhiteElo "2367"]
[BlackElo "2145"]
[PlyCount "95"]
[EventDate "2007.07.28"]
[EventType "swiss"]
[EventRounds "9"]
[EventCountry "FRA"]
[SourceTitle "CBM 119 Extra"]
[Source "ChessBase"]
[SourceDate "2007.09.04"]
[SourceVersion "1"]
[SourceVersionDate "2007.09.04"]
[SourceQuality "1"]

1. d4 Nf6 2. c4 g6 3. Nc3 Bg7 4. e4 d6 5. Nf3 0-0 6. Be2 e5 7. d5 a5 8. Bg5 h6 9. Bh4 Na6 10. Nd2 Nc5 11. 0-0 g5 12. Bg3 Ne8 13. Bg4 f5 14. Bxf5 Bxf5 15. exf5 Qd7 16. Nb3 Qxf5 17. Nxc5 dxc5 18. Qe2 Nd6 19. f3 Rae8 20. Rae1 Qd7 21. h3 Nf5 22. Bh2 Nd4 23. Qd3 b6 24. Ne4 Qa4 25. Nc3 Qc2 26. Qxc2 Nxc2 27. Re4 Nd4 28. Rfe1 Nc2 29. Rd1 Nd4 30. Kf2 Re7 31. Ke3 Kh7 32. Kd3 Kg6 33. Rde1 Rfe8 34. Ne2 Nf5 35. Ng3 Nd4 36. h4 Bf6 37. h5+ Kf7 38. Bg1 Bg7 39. Bh2 c6 40. dxc6 Nxc6 41. Nf5 Rd7+ 42. Kc2 Nd4+ 43. Nxd4 Rxd4 44. Rxd4 cxd4 45. Kd3 Ke6 46. Ke4 Rc8 47. Rc1 Bf8 48. Bxe5 1-0

[Event "Chambery op 13th"]
[Site "Chambery"]
[Date "2007.07.29"]
[Round "2"]
[White "Brunner, Nicolas"]
[Black "Linais, Laurent"]
[Result "0-1"]
[WhiteElo "2435"]
[BlackElo "2145"]
[PlyCount "60"]
[EventDate "2007.07.28"]
[EventType "swiss"]
[EventRounds "9"]
[EventCountry "FRA"]
[SourceTitle "CBM 119 Extra"]
[Source "ChessBase"]
[SourceDate "2007.09.04"]
[SourceVersion "1"]
[SourceVersionDate "2007.09.04"]
[SourceQuality "1"]

1. d4 Nf6 2. c4 g6 3. Nc3 Bg7 4. e4 d6 5. Nf3 0-0 6. Be2 e5 7. 0-0 Nc6 8. d5 Ne7 9. Ne1 Nd7 10. Be3 f5 11. f3 f4 12. Bf2 g5 13. a4 a5 14. Nd3 Nf6 15. c5 Ng6 16. cxd6 cxd6 17. Rc1 Rf7 18. Be1 h5 19. Nf2 Bh6 20. Bd2 Rg7 21. h3 Rh7 22. Nb5 Bf8 23. Rc4 Rg7 24. Qc2 g4 25. hxg4 hxg4 26. fxg4 Nh4 27. Nc7 Nxg4 28. Nxa8 Ne3 29. Rxc8 Rxg2+ 30. Kh1 Nf3 0-1